The silence of Congress state taxation of interstate commerce /

Bibliographic Details
Main Author: Zimmerman, Joseph Francis, 1928-
Corporate Author: ProQuest (Firm)
Format: Electronic eBook
Language:English
Published: Albany : State University of New York Press, 2007.
Subjects:
Online Access:Click to View
LEADER 01425nam a2200361Ia 4500
001 EBC3407587
003 MiAaPQ
005 20200520144314.0
006 m o d |
007 cr cn|||||||||
008 061205s2007 nyu sb s001 0 eng d
010 |z  2006100301 
020 |z 9780791472057 (alk. paper) 
020 |z 9780791479667 
035 |a (MiAaPQ)EBC3407587 
035 |a (Au-PeEL)EBL3407587 
035 |a (CaPaEBR)ebr10576014 
035 |a (OCoLC)923406772 
040 |a MiAaPQ  |c MiAaPQ  |d MiAaPQ 
050 4 |a HJ275  |b .Z56 2007 
082 0 4 |a 336.2/01373  |2 22 
100 1 |a Zimmerman, Joseph Francis,  |d 1928- 
245 1 4 |a The silence of Congress  |h [electronic resource] :  |b state taxation of interstate commerce /  |c Joseph F. Zimmerman. 
246 3 |a State taxation of interstate commerce 
260 |a Albany :  |b State University of New York Press,  |c 2007. 
300 |a xi, 284 p. 
504 |a Includes bibliographical references (p. 233-277) and index. 
533 |a Electronic reproduction. Ann Arbor, MI : ProQuest, 2015. Available via World Wide Web. Access may be limited to ProQuest affiliated libraries. 
650 0 |a Intergovernmental tax relations  |z United States. 
650 0 |a Interstate commerce  |x Taxation  |z United States  |x States. 
655 4 |a Electronic books. 
710 2 |a ProQuest (Firm) 
856 4 0 |u https://ebookcentral.proquest.com/lib/matrademy/detail.action?docID=3407587  |z Click to View